Homenatge a Joan Torrent i Fàbregas
Descripción Física:
29 p. : il. ; 24'5 cm
Materias:
Torrent i Fàbregas, Joan -- Homenatges
MARC
| LEADER | 00000nam a2200000Ia 4500 | ||
|---|---|---|---|
| 001 | 9705 | ||
| 008 | 160829s1992 xx 000 0 cat d | ||
| 080 | |a FU-10-74 | ||
| 100 | |a Torrent i Fàbregas, Joan |9 24455 | ||
| 245 | |a Homenatge a Joan Torrent i Fàbregas | ||
| 260 | |a Sant Feliu de Guíxols : |b Ajuntament. Àrea de Cultura, |c 1992 | ||
| 300 | |a 29 p. : |b il. ; |c 24'5 cm | ||
| 650 | |a Torrent i Fàbregas, Joan |x Homenatges |9 24456 | ||
| 710 | 1 | |a Sant Feliu de Guíxols (Catalunya). |b Àrea de Cultura |9 56260 | |
| 901 | |a Arxiu | ||
| 942 | |n 1 | ||
| 952 | |0 0 |1 0 |4 0 |6 FU1074 |7 1 |9 43165 |a Arxiu |b Arxiu |d 2016-12-01 |l 0 |o FU-10-74 |p 9705 |r 2016-12-01 00:00:00 |w 2016-12-01 |y ARXIU | ||
| 999 | |c 45709 |d 45709 | ||